| 000 | 00691nam a2200241Ia 4500 | ||
|---|---|---|---|
| 001 | dia_1631 | ||
| 003 | CHAP | ||
| 005 | 20230626101539.0 | ||
| 008 | 220117s1974 xx 000 0 und d | ||
| 010 | _a172175 | ||
| 040 | _cCHAP | ||
| 082 | _a630.72 E4 | ||
| 110 |
_aE.n.a. Centro Regional Tropical Puyacatengo. _9151178 |
||
| 245 |
_aInforme, 1974 / _c76- México 1974 / _c76 |
||
| 260 |
_aTeapa, Tab. _c1974 |
||
| 300 | _aV. | ||
| 500 | _aDonación. la biblioteca tiene: 1974/76. | ||
| 650 |
_aAgricultura _x investigación _x tropicos. _91686 |
||
| 901 | _a630.72 E4 | ||
| 902 | _aM | ||
| 905 | _a0000021974 1976 MEX 0000000000ESP00 | ||
| 942 |
_cLIBRO _2ddc |
||
| 999 |
_c172175 _d172175 |
||